[Event "Ambes op 3rd"]
[Site "Ambes"]
[Date "2010.04.28"]
[Round "5"]
[White "Constantin, Mathias"]
[Black "Le Hetet, Nicolas"]
[Result "0-1"]
[WhiteElo "1818"]
[BlackElo "2149"]
[PlyCount "52"]
[EventDate "2010.04.24"]
[EventType "swiss"]
[EventRounds "9"]
[EventCountry "FRA"]
[SourceTitle "EXT 2011"]
[Source "ChessBase"]
[SourceDate "2010.11.26"]
[SourceVersion "1"]
[SourceVersionDate "2010.11.26"]
[SourceQuality "1"]

1. e4 c5 2. Nf3 Nc6 3. d4 cxd4 4. Nxd4 e5 5. Nf3 Nf6 6. Bd3 d5 7. exd5 Nxd5 8. 0-0 Be7 9. Re1 Bf6 10. Be4 Be6 11. Bd2 0-0 12. Nc3 Re8 13. Nxd5 Bxd5 14. Bc3 Bxe4 15. Rxe4 Qc7 16. Qe2 Re7 17. Rd1 g6 18. Ne1 Bg7 19. Qc4 Rc8 20. Nd3 h6 21. Rde1 Kh7 22. Nb4 Nd4 23. Qd3 Rd7 24. Rd1 Rcd8 25. Bxd4 Rxd4 26. Rxd4 Rxd4 0-1

[Event "Ambes op 3rd"]
[Site "Ambes"]
[Date "2010.04.26"]
[Round "3"]
[White "Constantin, Mathias"]
[Black "Guenin, Pierre"]
[Result "1-0"]
[WhiteElo "1818"]
[BlackElo "1664"]
[PlyCount "65"]
[EventDate "2010.04.24"]
[EventType "swiss"]
[EventRounds "9"]
[EventCountry "FRA"]
[SourceTitle "EXT 2011"]
[Source "ChessBase"]
[SourceDate "2010.11.26"]
[SourceVersion "1"]
[SourceVersionDate "2010.11.26"]
[SourceQuality "1"]

1. e4 c5 2. Nf3 d6 3. Nc3 Nf6 4. d4 cxd4 5. Nxd4 a6 6. Bd3 g6 7. h3 Bg7 8. Nf3 e5 9. Be3 Nc6 10. Qc1 Nb4 11. 0-0 Nxd3 12. cxd3 b5 13. Nd5 Nxd5 14. Qc6+ Bd7 15. Qxd5 Be6 16. Qc6+ Bd7 17. Qxd6 Qe7 18. Bc5 Qxd6 19. Bxd6 f6 20. Rac1 Rc8 21. Rxc8+ Bxc8 22. Rc1 Kd7 23. Bb8 Bh6 24. Rc7+ Ke6 25. d4 Bd7 26. d5+ Ke7 27. Ba7 Rc8 28. Rxc8 Bxc8 29. Ne1 f5 30. f3 Kd6 31. Bb8+ Kc5 32. Bxe5 Be3+ 33. Kf1 1-0

[Event "Creon op 14th"]
[Site "Creon"]
[Date "2009.07.28"]
[Round "3"]
[White "Constantin, Mathias"]
[Black "Gipouloux, Laurent"]
[Result "1/2-1/2"]
[WhiteElo "1881"]
[BlackElo "1737"]
[PlyCount "43"]
[EventDate "2009.07.27"]
[EventType "swiss"]
[EventRounds "9"]
[EventCountry "FRA"]
[SourceTitle "CBM 131 Extra"]
[Source "ChessBase"]
[SourceDate "2009.09.03"]
[SourceVersion "2"]
[SourceVersionDate "2009.09.16"]
[SourceQuality "1"]

1. c4 e6 2. Nf3 b6 3. g3 Bb7 4. Bg2 Nf6 5. 0-0 c5 6. d3 Be7 7. Nc3 0-0 8. Bf4 Nh5 9. Qc1 d6 10. Bd2 Nd7 11. a3 d5 12. Ne1 Nhf6 13. e3 Qb8 14. b3 Ne5 15. d4 Ng6 16. cxd5 cxd4 17. exd4 exd5 18. Nc2 Ne4 19. Ne3 Rc8 20. Qb2 Nxc3 21. Bxc3 Rd8 22. Rac1 1/2-1/2

[Event "Creon op 14th"]
[Site "Creon"]
[Date "2009.07.27"]
[Round "1"]
[White "Constantin, Mathias"]
[Black "Mohota, Nisha"]
[Result "0-1"]
[WhiteElo "1881"]
[BlackElo "2315"]
[PlyCount "46"]
[EventDate "2009.07.27"]
[EventType "swiss"]
[EventRounds "9"]
[EventCountry "FRA"]
[SourceTitle "CBM 131 Extra"]
[Source "ChessBase"]
[SourceDate "2009.09.03"]
[SourceVersion "2"]
[SourceVersionDate "2009.09.16"]
[SourceQuality "1"]

1. d4 e6 2. e4 b6 3. Bd3 Bb7 4. Nf3 Nf6 5. e5 Nd5 6. 0-0 c5 7. c3 Be7 8. Nbd2 f5 9. exf6 Nxf6 10. Re1 cxd4 11. Nxd4 0-0 12. N2f3 Na6 13. Bg5 Nc5 14. Bc2 Rc8 15. Nb3 Qc7 16. Nxc5 Bxc5 17. Bxf6 Rxf6 18. Be4 d5 19. Bc2 Rcf8 20. Qe2 Rh6 21. h3 Ba6 22. Qxa6 Rxf3 23. gxf3 Qg3+ 0-1

[Event "Ambes op 2nd"]
[Site "Ambes"]
[Date "2009.04.18"]
[Round "8"]
[White "Constantin, Mathias"]
[Black "Trevidic, Bernard"]
[Result "1-0"]
[WhiteElo "1878"]
[BlackElo "1270"]
[PlyCount "75"]
[EventDate "2009.04.11"]
[EventType "swiss"]
[EventRounds "9"]
[EventCountry "FRA"]
[SourceTitle "EXT 2012"]
[Source "ChessBase"]
[SourceDate "2011.11.24"]
[SourceVersion "1"]
[SourceVersionDate "2011.11.24"]
[SourceQuality "1"]

1. e4 e5 2. f4 exf4 3. Bc4 d6 4. Nf3 Be7 5. d3 Nf6 6. Bxf4 0-0 7. Nc3 Bg4 8. h3 Bxf3 9. Qxf3 Nc6 10. a3 Nd4 11. Qf2 c5 12. Be3 Nh5 13. h4 a6 14. 0-0-0 b5 15. Bd5 Rb8 16. g4 Nf6 17. Rhg1 Nxd5 18. Nxd5 Ne6 19. g5 g6 20. Nxe7+ Qxe7 21. h5 a5 22. Qh4 b4 23. a4 Rb7 24. b3 Nd4 25. Rg2 Ne6 26. Rf2 Re8 27. Rf6 Nf8 28. Bf4 Rd8 29. Qh2 Rb6 30. e5 Ne6 31. exd6 Rbxd6 32. hxg6 Nf8 33. Bxd6 Rxd6 34. gxf7+ Kh8 35. Rxd6 Qxg5+ 36. Kb1 Qg7 37. Rd8 Qxf7 38. Rxf8+ 1-0

[Event "Mont de Marsan-ch"]
[Site "Mont de Marsan"]
[Date "2008.??.??"]
[Round "?"]
[White "Constantin, Mathias"]
[Black "Dubos, Patricia"]
[Result "1-0"]
[WhiteElo "1867"]
[BlackElo "1440"]
[PlyCount "63"]
[EventDate "2008.??.??"]
[EventType "tourn"]
[EventRounds "9"]
[EventCountry "FRA"]
[SourceTitle "EXT 2010"]
[Source "ChessBase"]
[SourceDate "2010.11.25"]
[SourceVersion "1"]
[SourceVersionDate "2010.11.25"]
[SourceQuality "1"]

1. b4 e5 2. Bb2 f6 3. a3 Ne7 4. c4 d6 5. Nc3 Be6 6. e4 c6 7. Nf3 Ng6 8. d4 Be7 9. d5 Bg4 10. h3 Bd7 11. Qb3 0-0 12. c5 Nf4 13. g3 Ng6 14. cxd6 Bxd6 15. dxc6+ Kh8 16. cxb7 Nc6 17. bxa8Q Qxa8 18. Bg2 Rb8 19. 0-0 Na5 20. Qc2 Nc4 21. Rfd1 Qc6 22. b5 Qc5 23. a4 f5 24. Ng5 Rf8 25. Rd5 Qb6 26. Nd1 Qc7 27. Rc1 Qa5 28. Qxc4 Qe1+ 29. Qf1 Qb4 30. exf5 Bxf5 31. Bc3 Qa3 32. Ra1 1-0

[Event "Mont de Marsan-ch"]
[Site "Mont de Marsan"]
[Date "2008.??.??"]
[Round "?"]
[White "Lafond, Olivier"]
[Black "Constantin, Mathias"]
[Result "1-0"]
[WhiteElo "1890"]
[BlackElo "1867"]
[PlyCount "75"]
[EventDate "2008.??.??"]
[EventType "tourn"]
[EventRounds "9"]
[EventCountry "FRA"]
[SourceTitle "EXT 2010"]
[Source "ChessBase"]
[SourceDate "2010.11.25"]
[SourceVersion "1"]
[SourceVersionDate "2010.11.25"]
[SourceQuality "1"]

1. d4 Nf6 2. c4 d5 3. e3 e6 4. Nc3 c5 5. Nf3 Nc6 6. a3 b6 7. Bd3 Bb7 8. cxd5 Nxd5 9. 0-0 Nf6 10. Qa4 a6 11. Rd1 Qc7 12. dxc5 Bxc5 13. Qh4 Be7 14. e4 h6 15. Be3 Ne5 16. Nxe5 Qxe5 17. f4 Qb8 18. Qg3 g6 19. Rac1 b5 20. Bd4 0-0 21. e5 Nh5 22. Qg4 Ng7 23. Ne4 h5 24. Qh3 Nf5 25. Bc5 Bxe4 26. Bxe7 Nxe7 27. Bxe4 Qb6+ 28. Kh1 Rac8 29. Rxc8 Rxc8 30. Qd3 Nf5 31. Qd7 Rf8 32. Bxf5 exf5 33. h3 Qf2 34. e6 fxe6 35. Qxe6+ Kg7 36. Qe5+ Rf6 37. Rd7+ Kh6 38. Qc7 1-0

[Event "Mont de Marsan-ch"]
[Site "Mont de Marsan"]
[Date "2008.??.??"]
[Round "?"]
[White "Lutz, Andre"]
[Black "Constantin, Mathias"]
[Result "0-1"]
[WhiteElo "1300"]
[BlackElo "1867"]
[PlyCount "84"]
[EventDate "2008.??.??"]
[EventType "tourn"]
[EventRounds "9"]
[EventCountry "FRA"]
[SourceTitle "EXT 2010"]
[Source "ChessBase"]
[SourceDate "2010.11.25"]
[SourceVersion "1"]
[SourceVersionDate "2010.11.25"]
[SourceQuality "1"]

1. c4 e6 2. d4 f5 3. Nf3 Nf6 4. Nc3 Be7 5. e3 0-0 6. Be2 b6 7. 0-0 Bb7 8. Qd2 Bb4 9. a3 Ne4 10. Qd3 Bxc3 11. bxc3 Nc6 12. Ne5 Nxe5 13. dxe5 Qg5 14. Bf3 Nc5 15. Qe2 Bxf3 16. Qxf3 Ne4 17. Qf4 Qxf4 18. exf4 Nxc3 19. Be3 d5 20. c5 Rfd8 21. Bd2 Ne4 22. Ra2 Nxc5 23. Rc1 Rac8 24. Bb4 Na6 25. Rc6 Kf7 26. f3 Nb8 27. Rc1 c5 28. Be1 b5 29. g4 g6 30. Bh4 Rd7 31. Rb2 Rb7 32. Bf2 c4 33. Bd4 a5 34. gxf5 gxf5 35. Kf2 Rg8 36. Bc5 Nc6 37. Rg1 Rxg1 38. Kxg1 d4 39. Kf2 c3 40. Rc2 b4 41. axb4 axb4 42. Ra2 b3 0-1

[Event "Mont de Marsan op 6th"]
[Site "Mont de Marsan"]
[Date "2006.12.30"]
[Round "9"]
[White "Constantin, Mathias"]
[Black "Pujol, Alix"]
[Result "1-0"]
[WhiteElo "1867"]
[BlackElo "1460"]
[PlyCount "53"]
[EventDate "2006.12.26"]
[EventType "swiss"]
[EventRounds "9"]
[EventCountry "FRA"]
[SourceTitle "CBM 116 Extra"]
[Source "ChessBase"]
[SourceDate "2007.03.07"]
[SourceVersion "1"]
[SourceVersionDate "2007.03.07"]
[SourceQuality "1"]

1. d4 g6 2. Nf3 Bg7 3. g3 e6 4. Bg2 Ne7 5. 0-0 0-0 6. c3 d5 7. Re1 Nbc6 8. e4 dxe4 9. Rxe4 Nd5 10. Nbd2 Re8 11. Nc4 f6 12. Re1 b5 13. Ne3 Bb7 14. Nxd5 Qxd5 15. Bf4 e5 16. Nxe5 Qd8 17. Nxc6 Bxc6 18. Bxc6 Rxe1+ 19. Qxe1 Rb8 20. Qe6+ Kh8 21. Qd7 Qxd7 22. Bxd7 a6 23. Re1 Rd8 24. Bc6 g5 25. Bxc7 Rc8 26. Re8+ Rxe8 27. Bxe8 1-0